000
00246nmm a2200085Ia 4500
008
220120s9999||||xx |||||||||||||||||und||
100
_a
LFY
_9
10674
245
0
_a
October 2010: Sabayon 5.3, linux open your source, open your
260
_a
EFY enterprises
999
_c
139604
_d
139604